000 00869nam a2200277 i 4500
001 000030298
003 DO-SdBNP
005 20260321073642.0
007 ta
008 110509s1992 dr 000 j spa d
040 _aDO-SdBNP
_bspa
_cBNPHU
_erda
082 4 _aRD863.44
_bB742m, 1992
_222
100 1 _a Bosch, Juan,
_d1909-2001
_eautor
_4aut.
_976555
245 1 0 _aMás cuentos escritos en el exilio /
_cJuan Bosch.
250 _adecima cuarta edición
264 1 _aSanto Domingo :
_bEditora Alfa y Omega,
_c1992.
300 _a284 páginas ;
_c22 cm.
336 _atexto
_btxt
_2rdacontent
337 _asin mediación
_bn
_2rdamedia
338 _avolumen
_bnc
_2rdacarrier
590 _aInventariado, 2020 / DG
650 4 _aCuentos dominicanos
_9176
650 4 _aLiteratura dominicana.
_967
910 _aValidado. Control de calidad MFF
942 _2ddc
_cLBS1
999 _c29790
_d29790